[Event "Mittelrhein Verbandsliga Ost 1415"]
[Site "Mittelrhein"]
[Date "2015.02.22"]
[Round "8.6"]
[White "Gorissen, Hubert"]
[Black "Thiemonds, Uli"]
[Result "1-0"]
[WhiteElo "1894"]
[BlackElo "2062"]
[PlyCount "61"]
[EventDate "2014.09.07"]
[EventType "team-tourn"]
[EventRounds "11"]
[EventCountry "GER"]
[SourceTitle "EXT 2023"]
[Source "ChessBase"]
[SourceDate "2022.10.05"]
[SourceVersion "1"]
[SourceVersionDate "2022.10.05"]
[SourceQuality "1"]
[WhiteTeam "Troisdorf"]
[BlackTeam "Koeln Porz III"]
[WhiteTeamCountry "GER"]
[BlackTeamCountry "GER"]

1. e4 e6 2. Nf3 d5 3. e5 c5 4. b4 b6 5. c3 Ne7 6. d4 Nf5 7. a3 Be7 8. Bd3 0-0 9. 0-0 h6 10. Qe2 Nc6 11. b5 Na5 12. Nbd2 Bd7 13. Rb1 Rc8 14. g4 Nh4 15. Nxh4 Bxh4 16. f4 cxd4 17. cxd4 g6 18. f5 exf5 19. gxf5 Kh7 20. e6 fxe6 21. fxg6+ Kg7 22. Nf3 Bf6 23. Ne5 Nc4 24. Qh5 Rh8 25. Nxd7 Qxd7 26. Rxf6 Kxf6 27. Bxh6 Ke7 28. Bg5+ Kd6 29. Bf4+ e5 30. Bxe5+ Ke7 31. Qg5+ 1-0

[Event "Mittelrhein Verbandsliga Ost 1314"]
[Site "Mittelrhein"]
[Date "2013.09.15"]
[Round "1.5"]
[White "Gruebner, Christopher"]
[Black "Thiemonds, Uli"]
[Result "1-0"]
[WhiteElo "2011"]
[BlackElo "2080"]
[PlyCount "119"]
[EventDate "2013.09.15"]
[EventType "team-tourn"]
[EventRounds "11"]
[EventCountry "GER"]
[SourceTitle "EXT 2023"]
[Source "ChessBase"]
[SourceDate "2022.10.05"]
[SourceVersion "1"]
[SourceVersionDate "2022.10.05"]
[SourceQuality "1"]
[WhiteTeam "Rheinbacher SF"]
[BlackTeam "Koeln Porz III"]
[WhiteTeamCountry "GER"]
[BlackTeamCountry "GER"]

1. b3 e6 2. Bb2 f5 3. e4 Qh4 4. exf5 exf5 5. Nf3 Qh6 6. Bd3 d6 7. Qe2+ Ne7 8. Nc3 Qe6 9. 0-0 Qxe2 10. Bxe2 Bd7 11. Rfe1 Nbc6 12. Ng5 Ne5 13. Bh5+ g6 14. f4 h6 15. fxe5 hxg5 16. exd6 cxd6 17. Bxg6+ Kd8 18. Bf7 Bg7 19. Nd1 Rh7 20. Bxg7 Rxg7 21. Be6 Nc6 22. Bxd7 Kxd7 23. Ne3 f4 24. Nd5 Rf8 25. Re4 b5 26. a4 Rf5 27. axb5 Rxd5 28. bxc6+ Kxc6 29. Ra6+ Kb7 30. Rea4 Kb8 31. d4 g4 32. R6a5 Rxa5 33. Rxa5 g3 34. Rf5 Re7 35. hxg3 fxg3 36. Kf1 Re4 37. c3 Kc7 38. Rf3 Rg4 39. Ke2 Kc6 40. Ke3 Kd5 41. Rf4 Rg7 42. c4+ Ke6 43. Ke4 a5 44. d5+ Ke7 45. Rf3 Rg4+ 46. Kf5 Rg8 47. Kf4 Rc8 48. Kxg3 a4 49. bxa4 Rxc4 50. Ra3 Kf6 51. a5 Ke5 52. a6 Rc8 53. a7 Ra8 54. Ra5 Kd4 55. Kf4 Kc4 56. Kf5 Kb4 57. Ra1 Kc5 58. Ke6 Re8+ 59. Kd7 Ra8 60. Kc7 1-0

[Event "Verbandsliga Mittelrhein-Ost 1213"]
[Site "Germany"]
[Date "2013.02.03"]
[Round "7.4"]
[White "Bigott, Martin"]
[Black "Thiemonds, Uli"]
[Result "0-1"]
[WhiteElo "1802"]
[BlackElo "2058"]
[PlyCount "80"]
[EventDate "2012.09.09"]
[EventType "team"]
[EventRounds "11"]
[EventCountry "GER"]
[SourceTitle "EXT 2015"]
[Source "ChessBase"]
[SourceDate "2014.11.20"]
[SourceVersion "1"]
[SourceVersionDate "2014.11.20"]
[SourceQuality "1"]
[WhiteTeam "Lohmar"]
[BlackTeam "Koeln Porz III"]
[WhiteTeamCountry "GER"]
[BlackTeamCountry "GER"]

1. d4 e6 2. Nf3 f5 3. Nc3 d5 4. Ne5 Nf6 5. e3 Bd6 6. f4 0-0 7. g3 b6 8. Bd2 Qe8 9. Be2 Ba6 10. a3 c5 11. Bxa6 Nxa6 12. Qe2 Nc7 13. a4 a6 14. 0-0 Ne4 15. Ra2 Kh8 16. Nxe4 fxe4 17. c3 Bxe5 18. dxe5 c4 19. Rb1 Qc6 20. b4 cxb3 21. Rxb3 b5 22. a5 Ne8 23. Bc1 g6 24. Ba3 Rf7 25. Bb4 Ng7 26. Rb1 h5 27. Kg2 Nf5 28. h4 Rc8 29. Kf2 Qc7 30. Qd2 Qa7 31. Rb3 Rc4 32. Raa3 Nxh4 33. gxh4 Rxf4+ 34. Ke2 Rf3 35. Rb1 Qf7 36. Qe1 Rh3 37. Qg1 Qf3+ 38. Kd2 Rg3 39. Qe1 Rg2+ 40. Kc1 Rh2 0-1

[Event "NRW Class2 0506"]
[Site "Germany"]
[Date "2005.10.09"]
[Round "2.8"]
[White "Thiemonds, Uli"]
[Black "Wicht, Juergen"]
[Result "0-1"]
[WhiteElo "2066"]
[BlackElo "2172"]
[PlyCount "110"]
[EventDate "2005.09.25"]
[EventType "team"]
[EventRounds "9"]
[EventCountry "GER"]
[SourceTitle "EXT 2006"]
[Source "ChessBase"]
[SourceDate "2005.11.24"]
[SourceVersion "1"]
[SourceVersionDate "2005.11.24"]
[SourceQuality "1"]
[WhiteTeam "Koeln Porz III"]
[BlackTeam "Elberfeld"]
[WhiteTeamCountry "GER"]
[BlackTeamCountry "GER"]

1. e4 d6 2. d4 Nf6 3. Nc3 g6 4. Nf3 Bg7 5. h3 c6 6. a4 0-0 7. Be3 Nbd7 8. Be2 e5 9. dxe5 dxe5 10. Qd6 Re8 11. Rd1 Qe7 12. 0-0 Qxd6 13. Rxd6 Bf8 14. Rd2 Bb4 15. Rfd1 Nf8 16. Rd8 Be6 17. Rxa8 Rxa8 18. Nxe5 Bxc3 19. bxc3 Nxe4 20. Bd4 c5 21. Bf3 cxd4 22. Bxe4 dxc3 23. Rd3 Rc8 24. Bxb7 Rc5 25. Re3 Bf5 26. Nd3 Rc4 27. a5 Bxd3 28. Rxd3 Ne6 29. a6 Kg7 30. Bd5 Rd4 31. Rxd4 Nxd4 32. Be4 Kf6 33. f3 Ke5 34. Kf2 f5 35. Bd3 f4 36. g3 fxg3+ 37. Kxg3 Ne6 38. h4 Nf4 39. Be4 Nh5+ 40. Kf2 Kd4 41. Bb7 Ng7 42. Bc8 Ne8 43. Be6 Nc7 44. Bg8 h6 45. f4 Nxa6 46. Bh7 Nb4 47. Bxg6 a5 48. Be8 Nxc2 49. Ke2 Ne3 50. Bc6 Nf5 51. Bd7 Nxh4 52. f5 Nf3 53. Kd1 Ne5 54. Be8 Ng4 55. Kc2 Ne3+ 0-1

[Event "Eupen op"]
[Site "Eupen"]
[Date "1993.??.??"]
[Round "4"]
[White "Haub, Thorsten Michael"]
[Black "Thiemonds, Uli"]
[Result "1-0"]
[WhiteElo "2295"]
[BlackElo "2090"]
[PlyCount "73"]
[EventDate "1993.??.??"]
[EventType "swiss"]
[EventRounds "7"]
[EventCountry "BEL"]
[SourceTitle "CBM 033 Extra"]
[Source "ChessBase"]
[SourceDate "1993.05.01"]
[SourceVersion "1"]
[SourceVersionDate "1993.05.01"]
[SourceQuality "1"]

1. e4 e6 2. Nf3 d5 3. e5 c5 4. b4 a6 5. bxc5 Bxc5 6. d4 Bf8 7. Bd3 f5 8. g4 g6 9. gxf5 exf5 10. h4 Nc6 11. h5 Bg7 12. c3 Nge7 13. h6 Bf8 14. Bg5 Qa5 15. Bf6 Rg8 16. Ng5 Nxd4 17. Nxh7 Bxh6 18. Rxh6 Bd7 19. a4 b5 20. Bg5 Kf7 21. Nf6 Rh8 22. Nxd7 Rxh6 23. Bxh6 Rh8 24. Bd2 Rh1+ 25. Bf1 Ne6 26. Qf3 Rg1 27. c4 Qc7 28. cxd5 Nd4 29. e6+ Kg8 30. Nf6+ Kg7 31. Ne8+ Kf8 32. Nxc7 Nxf3+ 33. Ke2 Nd4+ 34. Kd3 Nb3 35. Ra3 bxa4 36. d6 Nc6 37. Bh6+ 1-0